Turning Points: A Journey Through Challenges (Record no. 119533)
[ view plain ]
| 000 -LEADER | |
|---|---|
| fixed length control field | 00399nam a2200121Ia 4500 |
| 008 - FIXED-LENGTH DATA ELEMENTS--GENERAL INFORMATION | |
| fixed length control field | 211119s9999||||xx |||||||||||||| ||und|| |
| 082 ## - DEWEY DECIMAL CLASSIFICATION NUMBER | |
| Classification number | 920 |
| Item number | KAL-T |
| 100 ## - MAIN ENTRY--PERSONAL NAME | |
| Personal name | Kalam, A P J Abdul |
| 245 #0 - TITLE STATEMENT | |
| Title | Turning Points: A Journey Through Challenges |
| 260 ## - PUBLICATION, DISTRIBUTION, ETC. | |
| Name of publisher, distributor, etc. | Harpercollins |
| Place of publication, distribution, etc. | Noida |
| Date of publication, distribution, etc. | 2012 |
| 650 ## - SUBJECT ADDED ENTRY--TOPICAL TERM | |
| Topical term or geographic name entry element | History & geography |
| 942 ## - ADDED ENTRY ELEMENTS (KOHA) | |
| Koha item type | BOOK |
| 650 ## - SUBJECT ADDED ENTRY--TOPICAL TERM | |
| Form subdivision | Biography, genealogy & insigniaGeneralia |
| General subdivision | Reference Reading Room |
| Withdrawn status | Lost status | Damaged status | Not for loan | Home library | Current library | Date acquired | Cost, normal purchase price | Total Checkouts | Full call number | Barcode | Shelving location | Date last seen | Date last checked out | Price effective from | Koha item type |
|---|---|---|---|---|---|---|---|---|---|---|---|---|---|---|---|
| SB LIBRARY | SB LIBRARY | 19/11/2021 | 225.00 | 9 | 920 KAL-T | 00133021 | REFERENCE READING ROOM | 17/12/2025 | 01/12/2025 | 19/11/2021 | BOOK |